000 00577nam a2200169 a 4500
001 000040178
005 20201002033950.0
008 130813s1968 sp 000 0 spa d
040 _aDO-SdBNP
_bspa
_cBNPHU
082 _axxx
100 1 _aMarx, Carlos
_935992
245 1 0 _aSobre arte y literatura /
_cCarlos Marx, Federico Engels ; introduccion, selección y notas Valeriano Bozal Fernández.
260 _aMadrid, España :
_bCiencia Nueva,
_c1968.
300 _a242 p. ;
_c18 cm.
700 1 _aEngels, Federico
_963499
700 1 _aBozal Fenández, Valeriano,
_eintrod.
_966452
999 _c39668
_d39668